| 000 | 01015cam a22002531 4500 | ||
|---|---|---|---|
| 001 | e 26000123 | ||
| 003 | DLC | ||
| 005 | 20260227111217.0 | ||
| 008 | 800114s1926 nyua s000 0 eng c | ||
| 010 | _ae 26000123 | ||
| 035 | _a(OCoLC)5870659 | ||
| 040 |
_aU.S. Dept. of Education. Library _cNGenoU _dDLC |
||
| 043 | _an-us-ny | ||
| 050 | 0 | 0 |
_aLB1131 _b.C68 |
| 100 | 1 |
_aCoxe, Warren W. _q(Warren Winfred), _d1886-1956. |
|
| 245 | 1 | 2 |
_aA study of pupil achievement and special class needs in Westbury, L.I., _cby Warren W. Coxe and Ethel L. Cornell. |
| 260 |
_aAlbany, _bThe University of the State of New York Press, _c1926. |
||
| 300 |
_a52 p. _bincl. tables, diagrs. _c23 cm. |
||
| 490 | 0 |
_aUniversity of the State of New York bulletin ... _vno. 839. November 1, 1925 |
|
| 650 | 0 | _aEducational tests and measurements. | |
| 650 | 0 |
_aSchools _zNew York (State) _zWestbury. |
|
| 650 | 0 |
_aChildren with mental disabilities _xEducation _zNew York (State) |
|
| 700 | 1 |
_aCornell, Ethel Letitia, _d1892- _ejoint author. |
|
| 999 |
_c20810 _d20810 |
||